000
00359nam a2200145Ia 4500
008
151213s9999 xx 000 0 und d
100
_a
M. J. Nousis
245
_a
The Successful Marketing Plan
_c
M. J. Nousis
260
_a
U S A
_b
N . T. C
_c
1996
300
_a
2764 p.
650
_a
Marketing
650
_a
Marketing
700
_a
M. J. Nousis
999
_c
1874
_d
1874